[Event "Titled Tuesday intern op 01st Mar Early"]
[Site "Chess.com INT"]
[Date "2022.03.01"]
[Round "3"]
[White "Tashkov, Rumen"]
[Black "Horobetz, Graham"]
[Result "0-1"]
[WhiteElo "2077"]
[BlackElo "2033"]
[PlyCount "140"]
[EventDate "2022.03.01"]
[EventType "swiss (blitz)"]
[EventRounds "11"]
[EventCountry "USA"]
[SourceTitle "CBM 207 Extra"]
[Source "ChessBase"]
[SourceDate "2022.05.31"]
[SourceVersion "1"]
[SourceVersionDate "2022.05.31"]
[SourceQuality "1"]

1. d4 Nf6 2. c4 e6 3. g3 Bb4+ 4. Bd2 Qe7 5. Nf3 Nc6 6. Nc3 Bxc3 7. Bxc3 Ne4 8. Rc1 Nxc3 9. Rxc3 d6 10. Bg2 0-0 11. d5 Nb8 12. dxe6 fxe6 13. 0-0 e5 14. h4 Nc6 15. c5 Bg4 16. cxd6 cxd6 17. Ng5 Nd4 18. Re3 h6 19. Ne4 Rac8 20. Nc3 Qd8 21. Bxb7 Rb8 22. Bd5+ Kh8 23. b3 Rc8 24. Re1 Qa5 25. Bc4 Qc5 26. Nd5 Nf5 27. Qd2 Nxe3 28. Qxe3 Be6 29. Qxc5 Rxc5 30. Rd1 Bxd5 31. Bxd5 Rc2 32. Bc4 Rf6 33. a4 a5 34. Kg2 g6 35. g4 Rf4 36. Kg3 Rc3+ 37. f3 Rd4 38. Rxd4 exd4 39. Kf4 Re3 40. Bd3 Kg7 41. g5 hxg5+ 42. hxg5 Re5 43. Kg4 d5 44. f4 Re7 45. f5 gxf5+ 46. Kxf5 Rb7 47. Bc2 Rc7 48. Bd3 Rc3 49. Ke5 Rxb3 50. Kxd4 Rb4+ 51. Kxd5 Rxa4 52. g6 Ra1 53. Kc4 Kf6 54. Kb3 Rg1 55. Ka4 Ra1+ 56. Kb3 Rg1 57. Ka4 Rg5 58. Bb5 Rxg6 59. Kxa5 Ke5 60. Kb4 Kd4 61. Bd3 Rb6+ 62. Ka5 Kc5 63. Ka4 Rb7 64. Ka3 Kd4 65. Ka4 Kc3 66. Ka5 Rb4 67. Ka6 Kd4 68. Ka5 Kc5 69. Ka6 Kc6 70. Ka5 Rd4 0-1

[Event "Titled Tuesday intern op 11th May"]
[Site "Chess.com INT"]
[Date "2021.05.11"]
[Round "3"]
[White "Tashkov, Rumen"]
[Black "Khamzin, Olzhas"]
[Result "1-0"]
[WhiteElo "2124"]
[BlackElo "2301"]
[PlyCount "83"]
[EventDate "2021.05.11"]
[EventType "swiss (blitz)"]
[EventRounds "11"]
[EventCountry "USA"]
[SourceTitle "CBM 202 Extra"]
[Source "ChessBase"]
[SourceDate "2021.07.31"]
[SourceVersion "1"]
[SourceVersionDate "2021.07.31"]
[SourceQuality "1"]

1. d4 Nf6 2. c4 g6 3. Nf3 Bg7 4. g3 0-0 5. Bg2 d6 6. 0-0 Nc6 7. d5 Na5 8. Qa4 c5 9. Bd2 b6 10. Bc3 Bd7 11. Qc2 Bf5 12. Qc1 Rb8 13. Nbd2 a6 14. Re1 b5 15. b3 bxc4 16. bxc4 e5 17. Qa3 Nb7 18. e4 Bd7 19. Qxa6 Qc7 20. Rab1 Ne8 21. Rb3 Nd8 22. Rxb8 Qxb8 23. Rb1 Nc7 24. Qxd6 Qc8 25. Bxe5 Na6 26. Bxg7 Kxg7 27. a3 Ba4 28. Rb6 Nb7 29. Qe5+ f6 30. Qb2 Na5 31. e5 Nc7 32. exf6+ Kg8 33. Ng5 Be8 34. Bh3 Qd8 35. Qe5 Na8 36. Ra6 Nb6 37. Rxa5 Nd7 38. Qe6+ Bf7 39. Nxf7 Rxf7 40. Ra7 Nf8 41. Qxf7+ Kh8 42. Qg7# 1-0

[Event "Titled Tuesday intern op 02nd Mar"]
[Site "Chess.com INT"]
[Date "2021.03.02"]
[Round "10"]
[White "Tashkov, Rumen"]
[Black "Babiy, Olga"]
[Result "1-0"]
[WhiteElo "2124"]
[BlackElo "2300"]
[PlyCount "87"]
[EventDate "2021.03.02"]
[EventType "swiss (blitz)"]
[EventRounds "11"]
[EventCountry "USA"]
[SourceTitle "CBM 201 Extra"]
[Source "ChessBase"]
[SourceDate "2021.05.31"]
[SourceVersion "1"]
[SourceVersionDate "2021.05.31"]
[SourceQuality "1"]

1. d4 d5 2. c4 dxc4 3. Nf3 Nf6 4. Qa4+ Nbd7 5. Nc3 e6 6. e4 c6 7. Qxc4 Be7 8. Be2 0-0 9. 0-0 a5 10. Bf4 Qb6 11. Rab1 Qb4 12. a3 Qxc4 13. Bxc4 a4 14. e5 Nd5 15. Nxd5 exd5 16. Bd3 Re8 17. Bd2 Nf8 18. h3 Ne6 19. Kh2 Bd8 20. g3 Bb6 21. Be3 Bd7 22. Bc2 h6 23. Rbd1 Ra5 24. Nh4 Rb5 25. Bxa4 Rxb2 26. Nf5 Ra8 27. Rb1 Rxb1 28. Rxb1 Bxd4 29. Nxd4 Rxa4 30. Nxe6 Bxe6 31. Rxb7 Rxa3 32. Rc7 Rc3 33. g4 Kh7 34. Kg2 Rc4 35. f4 d4 36. Bf2 Bd5+ 37. Kf1 d3 38. Be3 g6 39. Ke1 Rc2 40. Bd2 Kg7 41. f5 gxf5 42. gxf5 Be4 43. e6 Bxf5 44. e7 1-0

[Event "Titled Tuesday intern op 02nd Mar"]
[Site "Chess.com INT"]
[Date "2021.03.02"]
[Round "4"]
[White "Tashkov, Rumen"]
[Black "Marin Masis, Jose Esteban"]
[Result "1-0"]
[WhiteElo "2124"]
[BlackElo "1938"]
[PlyCount "65"]
[EventDate "2021.03.02"]
[EventType "swiss (blitz)"]
[EventRounds "11"]
[EventCountry "USA"]
[SourceTitle "CBM 201 Extra"]
[Source "ChessBase"]
[SourceDate "2021.05.31"]
[SourceVersion "1"]
[SourceVersionDate "2021.05.31"]
[SourceQuality "1"]

1. d4 Nf6 2. c4 e6 3. g3 Bb4+ 4. Bd2 Be7 5. Nf3 d5 6. Bg2 0-0 7. Qc2 c5 8. dxc5 Nc6 9. 0-0 a5 10. cxd5 Nxd5 11. a3 Bd7 12. Rd1 b6 13. e4 Nf6 14. cxb6 Qxb6 15. Be3 Qb7 16. h3 Rac8 17. Nc3 Rfd8 18. Rac1 a4 19. Qe2 Na5 20. Nd4 Nc4 21. e5 Nd5 22. Nxd5 exd5 23. Rxc4 Rxc4 24. Qxc4 Qxb2 25. Bxd5 Bxh3 26. Bxf7+ Kh8 27. Bd5 Qxa3 28. Nc6 Rc8 29. Qe4 Bc5 30. Bxc5 Qxc5 31. e6 a3 32. e7 Re8 33. Bf7 1-0

[Event "Titled Tuesday intern op 02nd Mar"]
[Site "Chess.com INT"]
[Date "2021.03.02"]
[Round "7"]
[White "Tashkov, Rumen"]
[Black "Terletsky, Oleg"]
[Result "1-0"]
[WhiteElo "2124"]
[BlackElo "2213"]
[PlyCount "101"]
[EventDate "2021.03.02"]
[EventType "swiss (blitz)"]
[EventRounds "11"]
[EventCountry "USA"]
[SourceTitle "CBM 201 Extra"]
[Source "ChessBase"]
[SourceDate "2021.05.31"]
[SourceVersion "1"]
[SourceVersionDate "2021.05.31"]
[SourceQuality "1"]

1. d4 Nf6 2. c4 g6 3. Nf3 Bg7 4. g3 0-0 5. Bg2 d6 6. 0-0 Nbd7 7. Nc3 e5 8. e4 exd4 9. Nxd4 Re8 10. h3 a6 11. Be3 Rb8 12. a4 Nc5 13. Qc2 a5 14. Rad1 Nfd7 15. Ndb5 b6 16. b3 Bb7 17. Rfe1 Na6 18. Qd2 Ndc5 19. Bxc5 bxc5 20. Nb1 h5 21. Qxa5 h4 22. g4 Be5 23. Qd2 Qf6 24. N5c3 Bf4 25. Qe2 Nb4 26. Nd5 Nxd5 27. cxd5 Bxd5 28. Rxd5 Rxb3 29. Nd2 Rb2 30. Rd1 Be5 31. Qf3 Re6 32. Nc4 Rc2 33. Nxe5 dxe5 34. Qxf6 Rxf6 35. R1d2 Rc4 36. a5 Ra6 37. Rxe5 Rxa5 38. Re7 Rc1+ 39. Kh2 Ra8 40. e5 Rf8 41. Rxc7 c4 42. Bd5 c3 43. Re2 Rd8 44. Bxf7+ Kh8 45. Bxg6 Rd2 46. Rxd2 cxd2 47. Rd7 d1Q 48. Rxd1 Rxd1 49. Bf5 Re1 50. e6 Kg7 51. g5 1-0

[Event "Titled Tuesday intern op 02nd Feb"]
[Site "Chess.com INT"]
[Date "2021.02.02"]
[Round "7"]
[White "Golsta, Madara"]
[Black "Tashkov, Rumen"]
[Result "1-0"]
[WhiteElo "1967"]
[BlackElo "2124"]
[PlyCount "65"]
[EventDate "2021.02.02"]
[EventType "swiss (blitz)"]
[EventRounds "11"]
[EventCountry "USA"]
[SourceTitle "CBM 200 Extra"]
[Source "ChessBase"]
[SourceDate "2021.03.31"]
[SourceVersion "1"]
[SourceVersionDate "2021.03.31"]
[SourceQuality "1"]

1. e4 d6 2. d4 Nf6 3. Nc3 g6 4. f4 Bg7 5. Nf3 0-0 6. Be2 c5 7. 0-0 cxd4 8. Nxd4 Nbd7 9. Be3 a6 10. a4 e5 11. Nb3 exf4 12. Bxf4 Ne5 13. Bg5 Be6 14. Qd2 Qb6+ 15. Kh1 Ned7 16. a5 Qc7 17. Rad1 Bxb3 18. cxb3 Qxa5 19. h4 Rfe8 20. Qxd6 h6 21. Bxf6 Nxf6 22. Rxf6 Rad8 23. Qf4 Rxd1+ 24. Bxd1 Bxf6 25. Qxf6 Qd8 26. Qf4 Kg7 27. Be2 Qf6 28. Qg3 Qe5 29. Qf2 Rd8 30. Bc4 Rd7 31. Bd5 f6 32. Qb6 h5 33. Qa7 1-0

[Event "Titled Tuesday intern op 02nd Feb"]
[Site "Chess.com INT"]
[Date "2021.02.02"]
[Round "11"]
[White "Swicarz, Maciej"]
[Black "Tashkov, Rumen"]
[Result "1-0"]
[WhiteElo "2341"]
[BlackElo "2124"]
[PlyCount "111"]
[EventDate "2021.02.02"]
[EventType "swiss (blitz)"]
[EventRounds "11"]
[EventCountry "USA"]
[SourceTitle "CBM 200 Extra"]
[Source "ChessBase"]
[SourceDate "2021.03.31"]
[SourceVersion "1"]
[SourceVersionDate "2021.03.31"]
[SourceQuality "1"]

1. e4 d6 2. d3 g6 3. d4 Bg7 4. Nc3 Nf6 5. Be3 c6 6. f3 b5 7. Qd2 Nbd7 8. 0-0-0 b4 9. Nce2 Qa5 10. Kb1 Rb8 11. Nc1 Qc7 12. Bh6 Bxh6 13. Qxh6 c5 14. Nge2 Ba6 15. Nf4 Bxf1 16. Rhxf1 cxd4 17. Rxd4 Ne5 18. Nd5 Nxd5 19. Rxd5 Rc8 20. Qd2 0-0 21. h4 Nc4 22. Qd3 Ne5 23. Qd1 a5 24. h5 a4 25. Rh1 a3 26. f4 axb2 27. fxe5 bxc1Q+ 28. Qxc1 dxe5 29. Qd2 Qc4 30. Qd3 Qxd3 31. cxd3 f6 32. hxg6 hxg6 33. Rd7 Rf7 34. Rc1 Rxc1+ 35. Kxc1 f5 36. Kb2 f4 37. Kb3 Kg7 38. Kxb4 g5 39. Rd5 Kf6 40. a4 e6 41. Rc5 g4 42. a5 f3 43. gxf3 gxf3 44. a6 Kg5 45. Rc1 f2 46. Rf1 Kg4 47. Kb5 Kg3 48. Kc6 Kg2 49. Rb1 f1Q 50. Rxf1 Kxf1 51. Kd6 Ra7 52. Kxe6 Rxa6+ 53. Kxe5 Ke2 54. d4 Ke3 55. d5 Kd3 56. d6 1-0

[Event "Titled Tuesday intern op 12th Jan"]
[Site "Chess.com INT"]
[Date "2021.01.12"]
[Round "4"]
[White "Cagara, Paulina"]
[Black "Tashkov, Rumen"]
[Result "0-1"]
[WhiteElo "2027"]
[BlackElo "2124"]
[PlyCount "50"]
[EventDate "2021.01.12"]
[EventType "swiss (blitz)"]
[EventRounds "11"]
[EventCountry "USA"]
[SourceTitle "CBM 200 Extra"]
[Source "ChessBase"]
[SourceDate "2021.03.31"]
[SourceVersion "1"]
[SourceVersionDate "2021.03.31"]
[SourceQuality "1"]

1. e4 d6 2. d4 Nf6 3. Nc3 g6 4. Be3 Bg7 5. f3 c6 6. Qd2 b5 7. g4 h5 8. g5 Nfd7 9. h4 Bb7 10. f4 b4 11. Nce2 c5 12. Ng3 Nc6 13. c3 Qa5 14. d5 bxc3 15. bxc3 Bxc3 16. dxc6 Bxc6 17. Bc4 Nb6 18. Bb3 Bxd2+ 19. Bxd2 Qa3 20. N1e2 c4 21. Bc2 0-0 22. 0-0 Ba4 23. Bxa4 Nxa4 24. f5 Qd3 25. Rad1 Nb2 0-1

[Event "Titled Tuesday intern op 12th Jan"]
[Site "Chess.com INT"]
[Date "2021.01.12"]
[Round "6"]
[White "Fajdetic, Hrvoje"]
[Black "Tashkov, Rumen"]
[Result "1-0"]
[WhiteElo "2151"]
[BlackElo "2124"]
[PlyCount "53"]
[EventDate "2021.01.12"]
[EventType "swiss (blitz)"]
[EventRounds "11"]
[EventCountry "USA"]
[SourceTitle "CBM 200 Extra"]
[Source "ChessBase"]
[SourceDate "2021.03.31"]
[SourceVersion "1"]
[SourceVersionDate "2021.03.31"]
[SourceQuality "1"]

1. d4 d6 2. e4 Nf6 3. Nc3 g6 4. Bf4 c6 5. Qd2 Nbd7 6. 0-0-0 Qc7 7. e5 dxe5 8. dxe5 Nh5 9. g3 Bg7 10. Be2 Nxe5 11. Bxh5 gxh5 12. Qe2 Bg4 13. f3 Be6 14. Re1 f6 15. Bxe5 fxe5 16. f4 Bg4 17. Qc4 0-0-0 18. h3 Rd4 19. Qf7 Bh6 20. hxg4 exf4 21. Rxh5 Rf8 22. Qb3 Qd6 23. gxf4 Rfxf4 24. a3 Rxg4+ 25. Kb1 Rg2 26. Ne4 Qd7 27. Nc5 1-0

[Event "Titled Tuesday intern op 12th Jan"]
[Site "Chess.com INT"]
[Date "2021.01.12"]
[Round "2"]
[White "Tashkov, Rumen"]
[Black "Ardila, Oscar Humberto"]
[Result "0-1"]
[WhiteElo "2124"]
[BlackElo "2003"]
[PlyCount "74"]
[EventDate "2021.01.12"]
[EventType "swiss (blitz)"]
[EventRounds "11"]
[EventCountry "USA"]
[SourceTitle "CBM 200 Extra"]
[Source "ChessBase"]
[SourceDate "2021.03.31"]
[SourceVersion "1"]
[SourceVersionDate "2021.03.31"]
[SourceQuality "1"]

1. d4 Nf6 2. c4 g6 3. Nf3 Bg7 4. g3 0-0 5. Bg2 d6 6. 0-0 Nbd7 7. Nc3 e5 8. e4 exd4 9. Nxd4 Re8 10. h3 Nc5 11. Re1 a5 12. Ndb5 Bd7 13. Bf4 Nh5 14. Be3 Bxb5 15. cxb5 Ne6 16. Qd2 c6 17. Rad1 Bf8 18. g4 Nf6 19. f4 Qc7 20. Rc1 h5 21. g5 Nd7 22. bxc6 bxc6 23. Nd5 Qb7 24. Nf6+ Nxf6 25. gxf6 Rab8 26. b3 Qb4 27. Qxb4 Rxb4 28. Rxc6 Nc5 29. Bxc5 dxc5 30. Rd1 a4 31. Rd7 axb3 32. axb3 Rxb3 33. Rcc7 Rb1+ 34. Kh2 Rb2 35. e5 Ra8 36. Kg3 Ra3+ 37. Bf3 Rbb3 0-1

[Event "BUL-chT 70th"]
[Site "Primorsko"]
[Date "2020.09.10"]
[Round "2.2"]
[White "Mitev, Valentin"]
[Black "Tashkov, Rumen"]
[Result "1/2-1/2"]
[WhiteElo "2194"]
[BlackElo "2116"]
[PlyCount "71"]
[EventDate "2020.09.09"]
[EventType "team-tourn"]
[EventRounds "7"]
[EventCountry "BUL"]
[SourceTitle "CBM 198 Extra"]
[Source "ChessBase"]
[SourceDate "2020.11.30"]
[SourceVersion "1"]
[SourceVersionDate "2020.11.30"]
[SourceQuality "1"]
[WhiteTeam "Sofia Levski"]
[BlackTeam "Blagoevgrad Victory"]
[WhiteTeamCountry "BUL"]
[BlackTeamCountry "BUL"]

1. d4 d6 2. e4 Nf6 3. Nc3 g6 4. f4 Bg7 5. Bd3 0-0 6. Nf3 Nc6 7. e5 dxe5 8. dxe5 Nd5 9. Nxd5 Qxd5 10. Qe2 Bg4 11. c3 Bxf3 12. gxf3 e6 13. Be4 Qd7 14. Bd2 Ne7 15. 0-0-0 Qa4 16. Bxb7 Qxa2 17. Qa6 Qxa6 18. Bxa6 Rfd8 19. c4 Nf5 20. Ba5 Bh6 21. Bxc7 Bxf4+ 22. Kb1 Rxd1+ 23. Rxd1 Bxh2 24. Rd7 Bf4 25. c5 h5 26. c6 h4 27. Bf1 Ne3 28. Bh3 Rc8 29. Rd8+ Rxd8 30. Bxd8 Nd5 31. c7 Nb6 32. Bf6 g5 33. Bf1 Kf8 34. Kc2 Ke8 35. Bb5+ Kf8 36. Bf1 1/2-1/2

[Event "Titled Tuesday intern op1 4th Febr"]
[Site "Chess.com INT"]
[Date "2020.02.04"]
[Round "5"]
[White "Mitrabha, Guha"]
[Black "Tashkov, Rumen"]
[Result "1-0"]
[WhiteElo "2445"]
[BlackElo "2236"]
[PlyCount "37"]
[EventDate "2020.02.04"]
[EventType "swiss (blitz)"]
[EventRounds "10"]
[EventCountry "USA"]
[SourceTitle "EXT 2021"]
[Source "ChessBase"]
[SourceDate "2020.10.23"]
[SourceVersion "1"]
[SourceVersionDate "2020.10.23"]
[SourceQuality "1"]

1. Nf3 g6 2. d4 Bg7 3. e4 d6 4. Bd3 Nf6 5. 0-0 0-0 6. h3 Nbd7 7. Re1 e5 8. c3 b6 9. Bg5 Re8 10. Nbd2 h6 11. Bh4 Bb7 12. dxe5 dxe5 13. Nc4 Qe7 14. a4 a6 15. b4 Rad8 16. Qe2 Qf8 17. Bc2 Rc8 18. Rad1 Nh5 19. Rxd7 1-0

[Event "Titled Tuesday intern op1 4th Febr"]
[Site "Chess.com INT"]
[Date "2020.02.04"]
[Round "1"]
[White "Tashkov, Rumen"]
[Black "Muradli, Mahammad"]
[Result "0-1"]
[WhiteElo "2236"]
[BlackElo "2427"]
[PlyCount "74"]
[EventDate "2020.02.04"]
[EventType "swiss (blitz)"]
[EventRounds "10"]
[EventCountry "USA"]
[SourceTitle "EXT 2021"]
[Source "ChessBase"]
[SourceDate "2020.10.23"]
[SourceVersion "1"]
[SourceVersionDate "2020.10.23"]
[SourceQuality "1"]

1. d4 d5 2. c4 e6 3. Nf3 Nf6 4. g3 dxc4 5. Bg2 Bb4+ 6. Bd2 a5 7. 0-0 0-0 8. Bg5 Nc6 9. Bxf6 Qxf6 10. a3 Bd6 11. Nc3 e5 12. d5 Na7 13. Nd2 b5 14. a4 Bd7 15. axb5 Nxb5 16. Nce4 Qe7 17. Nxc4 Bb4 18. Qc2 Nd6 19. Ned2 Bb5 20. Rfc1 Rfb8 21. e4 h5 22. b3 h4 23. Bf1 hxg3 24. hxg3 g6 25. Bd3 Kg7 26. Kg2 Bxc4 27. Nxc4 Nb5 28. Ne3 Nd4 29. Qd1 Rh8 30. Rab1 Rh7 31. Qg4 Rah8 32. Nf5+ Kf8 33. Nxd4 exd4 34. Qf4 Rh2+ 35. Kf3 Bd6 36. Qg4 Qf6+ 37. Ke2 Qxf2+ 0-1

[Event "Titled Tuesday intern op 3rd Jan"]
[Site "Chess.com INT"]
[Date "2019.12.03"]
[Round "4"]
[White "Mikhailovsky, Vladimir"]
[Black "Tashkov, Rumen"]
[Result "0-1"]
[WhiteElo "2209"]
[BlackElo "2236"]
[PlyCount "80"]
[EventDate "2019.12.03"]
[EventType "swiss (blitz)"]
[EventRounds "10"]
[EventCountry "USA"]
[SourceTitle "EXT 2021"]
[Source "ChessBase"]
[SourceDate "2020.10.23"]
[SourceVersion "1"]
[SourceVersionDate "2020.10.23"]
[SourceQuality "1"]

1. d4 d6 2. Nc3 Nf6 3. e4 g6 4. Nf3 Bg7 5. Bc4 0-0 6. 0-0 Bg4 7. Bb3 Nc6 8. Be3 e5 9. d5 Nd4 10. Bxd4 exd4 11. Qxd4 Bxf3 12. gxf3 Nh5 13. Qe3 Be5 14. Ne2 Qh4 15. f4 Bxf4 16. Nxf4 Nxf4 17. Kh1 Rae8 18. Rg1 Re5 19. Qg3 Qf6 20. Rae1 Rfe8 21. f3 Rh5 22. c3 Ree5 23. Rgf1 Reg5 24. Qf2 Rg2 25. Qxg2 Nxg2 26. Kxg2 Qf4 27. Rf2 Rxh2+ 28. Kf1 Rh1+ 29. Ke2 Rxe1+ 30. Kxe1 Qc1+ 31. Bd1 g5 32. Rg2 Kg7 33. Rc2 Qe3+ 34. Kf1 h5 35. Rg2 h4 36. Rh2 Kf6 37. Re2 Qf4 38. Rg2 h3 39. Rg4 Qd2 40. Be2 h2 0-1

[Event "Titled Tuesday intern op 3rd Jan"]
[Site "Chess.com INT"]
[Date "2019.12.03"]
[Round "1"]
[White "Tashkov, Rumen"]
[Black "Bagrationi, Alexander"]
[Result "0-1"]
[WhiteElo "2236"]
[BlackElo "2491"]
[PlyCount "78"]
[EventDate "2019.12.03"]
[EventType "swiss (blitz)"]
[EventRounds "10"]
[EventCountry "USA"]
[SourceTitle "EXT 2021"]
[Source "ChessBase"]
[SourceDate "2020.10.23"]
[SourceVersion "1"]
[SourceVersionDate "2020.10.23"]
[SourceQuality "1"]

1. d4 f5 2. Nf3 Nf6 3. g3 g6 4. Bg2 Bg7 5. 0-0 0-0 6. b3 b6 7. Bb2 Bb7 8. c4 Ne4 9. Nc3 e6 10. Rc1 Qe7 11. d5 Na6 12. Nd4 Nac5 13. e3 Nxc3 14. Bxc3 e5 15. Nb5 d6 16. b4 Ne4 17. Ba1 a5 18. a3 Ba6 19. Qc2 axb4 20. axb4 Nf6 21. Bb2 Rfc8 22. Rfd1 Bxb5 23. cxb5 e4 24. Bd4 Nd7 25. Bxg7 Qxg7 26. Rd4 Ne5 27. Qb3 Ra7 28. h3 Rca8 29. Qc3 Ra3 30. Qxc7 Qxc7 31. Rxc7 Ra1+ 32. Kh2 R8a2 33. g4 Rxf2 34. Kg3 Raa2 35. Bh1 Rf1 36. Bxe4 fxe4 37. Rxe4 Rg1+ 38. Kf4 Rf2+ 39. Kg5 Rf5+ 0-1

[Event "Titled Tuesday intern op 3rd Jan"]
[Site "Chess.com INT"]
[Date "2019.12.03"]
[Round "10"]
[White "Tashkov, Rumen"]
[Black "Kumala, Aleksander"]
[Result "0-1"]
[WhiteElo "2236"]
[BlackElo "2218"]
[PlyCount "44"]
[EventDate "2019.12.03"]
[EventType "swiss (blitz)"]
[EventRounds "10"]
[EventCountry "USA"]
[SourceTitle "EXT 2021"]
[Source "ChessBase"]
[SourceDate "2020.10.23"]
[SourceVersion "1"]
[SourceVersionDate "2020.10.23"]
[SourceQuality "1"]

1. d4 e6 2. c4 b6 3. a3 Bb7 4. Nc3 f5 5. d5 Nf6 6. g3 b5 7. b3 bxc4 8. bxc4 Bc5 9. Bg2 0-0 10. Nf3 Ne4 11. Nxe4 fxe4 12. Nd4 e5 13. Nb3 Bxf2+ 14. Kd2 c6 15. Bxe4 cxd5 16. cxd5 Qb6 17. Kc2 Na6 18. Kb1 Rab8 19. Ka2 Nc5 20. Nxc5 Qxc5 21. Qd3 Bd4 22. Bd2 Bxd5+ 0-1

[Event "Primorsko op-B"]
[Site "Primorsko"]
[Date "2019.09.19"]
[Round "4"]
[White "Tashkov, Rumen"]
[Black "Mladenov, Emil"]
[Result "1-0"]
[WhiteElo "2148"]
[BlackElo "2011"]
[PlyCount "73"]
[EventDate "2019.09.16"]
[EventType "swiss"]
[EventRounds "7"]
[EventCountry "BUL"]
[SourceTitle "EXT 2020"]
[Source "ChessBase"]
[SourceDate "2019.10.17"]
[SourceVersion "1"]
[SourceVersionDate "2019.10.17"]
[SourceQuality "1"]

1. c4 e5 2. Nc3 d6 3. d4 exd4 4. Qxd4 Nc6 5. Qd2 g6 6. b3 Bg7 7. Bb2 Nf6 8. g3 0-0 9. Nh3 Bf5 10. Bg2 Re8 11. Nf4 Ne4 12. Nxe4 Bxe4 13. Bxe4 Rxe4 14. Bxg7 Kxg7 15. Qc3+ f6 16. 0-0-0 Qf8 17. f3 Re5 18. e4 b5 19. Qxe5 fxe5 20. Ne6+ Kh6 21. Nxf8 Rxf8 22. cxb5 Nd4 23. f4 Nxb5 24. fxe5 dxe5 25. Rhf1 Re8 26. Rf7 Kg5 27. Rxh7 Nd6 28. Re1 Nb5 29. a4 Nd4 30. Re3 Rb8 31. Kb2 Rf8 32. h4+ Kg4 33. Rg7 Rf6 34. Rc3 Ne2 35. Rc5 Re6 36. Rgxc7 Kxg3 37. R5c6 1-0

[Event "Titled Tuesday intern op 6th Aug"]
[Site "Chess.com INT"]
[Date "2019.08.06"]
[Round "10"]
[White "Dushyant, Sharma"]
[Black "Tashkov, Rumen"]
[Result "1/2-1/2"]
[WhiteElo "2228"]
[BlackElo "2236"]
[PlyCount "38"]
[EventDate "2019.08.06"]
[EventType "swiss (blitz)"]
[EventRounds "10"]
[EventCountry "USA"]
[SourceTitle "EXT 2021"]
[Source "ChessBase"]
[SourceDate "2020.10.23"]
[SourceVersion "1"]
[SourceVersionDate "2020.10.23"]
[SourceQuality "1"]

1. e4 d6 2. d4 Nf6 3. Bd3 e5 4. c3 d5 5. dxe5 Nxe4 6. Bxe4 dxe4 7. Qxd8+ Kxd8 8. Bg5+ Be7 9. Bxe7+ Kxe7 10. Nd2 Nc6 11. 0-0-0 Nxe5 12. Nxe4 Bf5 13. f3 Bxe4 14. fxe4 Rad8 15. Nf3 Ng4 16. Rhe1 Rxd1+ 17. Kxd1 Rd8+ 18. Ke2 f6 19. h3 Ne5 1/2-1/2

[Event "Titled Tuesday intern op 6th Aug"]
[Site "Chess.com INT"]
[Date "2019.08.06"]
[Round "2"]
[White "Tashkov, Rumen"]
[Black "Maly, Alexey"]
[Result "1/2-1/2"]
[WhiteElo "2236"]
[BlackElo "2345"]
[PlyCount "48"]
[EventDate "2019.08.06"]
[EventType "swiss (blitz)"]
[EventRounds "10"]
[EventCountry "USA"]
[SourceTitle "EXT 2021"]
[Source "ChessBase"]
[SourceDate "2020.10.23"]
[SourceVersion "1"]
[SourceVersionDate "2020.10.23"]
[SourceQuality "1"]

1. d4 d5 2. c4 dxc4 3. Nf3 Nf6 4. Qa4+ c6 5. Qxc4 b5 6. Qc2 Bb7 7. Bg5 Nbd7 8. Nbd2 Rc8 9. e4 Qb6 10. a4 a6 11. Bd3 e6 12. 0-0 c5 13. d5 c4 14. dxe6 Qxe6 15. Rac1 cxd3 16. Qxc8+ Bxc8 17. Rxc8+ Ke7 18. Nd4 Qb6 19. Be3 Qb7 20. Nf5+ Ke6 21. Nd4+ Ke7 22. Nf5+ Ke6 23. Nd4+ Kd6 24. Nf5+ Ke6 1/2-1/2

[Event "GER GM08-B email"]
[Site "GER email"]
[Date "2019.06.19"]
[Round "?"]
[White "Habermehl, Tobias"]
[Black "Tashkov, Rumen"]
[Result "1-0"]
[WhiteElo "2502"]
[BlackElo "2511"]
[PlyCount "63"]
[EventDate "2019.??.??"]
[EventType "tourn (corr)"]
[EventRounds "13"]
[EventCountry "GER"]
[SourceTitle "Corr 2022"]
[Source "ChessBase"]
[SourceDate "2021.10.24"]
[SourceVersion "1"]
[SourceVersionDate "2021.10.24"]
[SourceQuality "1"]

1. d4 d6 2. Nf3 Nf6 3. c4 Bg4 4. Nc3 c6 5. e4 Nbd7 6. Be2 e5 7. Be3 Be7 8. 0-0 0-0 9. d5 cxd5 10. cxd5 a6 11. Nd2 Bxe2 12. Qxe2 Ne8 13. Nf3 g6 14. Bh6 Ng7 15. Rac1 Rc8 16. Rc2 f5 17. Rfc1 Rf7 18. Qd2 f4 19. Nb1 Rb8 20. Qe2 Ne8 21. g3 Bf8 22. Bg5 Nef6 23. Nbd2 Be7 24. Nc4 h6 25. Bxf6 Rxf6 26. b4 Qf8 27. g4 Rf7 28. h3 Bd8 29. a4 g5 30. Ncd2 Qe7 31. a5 Nf6 32. Qd3 1-0

[Event "GER GM08-B email"]
[Site "GER email"]
[Date "2019.06.19"]
[Round "?"]
[White "Tashkov, Rumen"]
[Black "Gaehler, Sebastian"]
[Result "1/2-1/2"]
[WhiteElo "2511"]
[BlackElo "2520"]
[PlyCount "45"]
[EventDate "2019.??.??"]
[EventType "tourn (corr)"]
[EventRounds "13"]
[EventCountry "GER"]
[SourceTitle "Corr 2022"]
[Source "ChessBase"]
[SourceDate "2021.10.24"]
[SourceVersion "1"]
[SourceVersionDate "2021.10.24"]
[SourceQuality "1"]

1. d4 f5 2. g3 Nf6 3. Bg2 g6 4. Nf3 Bg7 5. 0-0 0-0 6. b3 d6 7. Bb2 Ne4 8. c4 Nc6 9. Nc3 Nxc3 10. Bxc3 e5 11. dxe5 dxe5 12. Qd5+ Kh8 13. Qxd8 Rxd8 14. Ng5 Re8 15. Bxc6 bxc6 16. Rfd1 Kg8 17. Rd2 h6 18. Nf3 f4 19. Re1 Bg4 20. gxf4 exf4 21. Bxg7 Kxg7 22. Nd4 Rad8 23. Red1 1/2-1/2

[Event "Titled Tuesday intern op 4th June"]
[Site "Chess.com INT"]
[Date "2019.06.04"]
[Round "4"]
[White "Sukovic, Andrej"]
[Black "Tashkov, Rumen"]
[Result "1/2-1/2"]
[WhiteElo "2219"]
[BlackElo "2236"]
[PlyCount "72"]
[EventDate "2019.06.04"]
[EventType "swiss (blitz)"]
[EventRounds "10"]
[EventCountry "USA"]
[SourceTitle "EXT 2021"]
[Source "ChessBase"]
[SourceDate "2020.10.23"]
[SourceVersion "1"]
[SourceVersionDate "2020.10.23"]
[SourceQuality "1"]

1. e4 d6 2. d4 Nf6 3. Nc3 g6 4. f4 Bg7 5. e5 Nfd7 6. Nf3 c5 7. e6 fxe6 8. h4 cxd4 9. Nxd4 Nc5 10. h5 Nc6 11. Nxc6 bxc6 12. hxg6 hxg6 13. Rxh8+ Bxh8 14. Qg4 Kf7 15. Bd2 Bf6 16. 0-0-0 e5 17. Qf3 Kg8 18. Qxc6 Bb7 19. Qb5 Rb8 20. Qc4+ Kg7 21. fxe5 Bxe5 22. Qh4 Bf6 23. Qh6+ Kf7 24. Bc4+ d5 25. Qh7+ Ke6 26. Be3 Qh8 27. Qxg6 dxc4 28. Qg4+ Kf7 29. Qxc4+ Kf8 30. Bxc5 Bxg2 31. a3 Bxc3 32. bxc3 Qh6+ 33. Rd2 Qh1+ 34. Rd1 Qh6+ 35. Rd2 Qh1+ 36. Rd1 Qh6+ 1/2-1/2